[Event "Francophonie-ch (RIDEF)"]
[Site "Quebec CAN"]
[Date "2024.08.13"]
[Round "1.17"]
[White "Pepin, Pierre-Luc"]
[Black "Kaufman, Raymond"]
[Result "0-1"]
[WhiteElo "1400"]
[BlackElo "2140"]
[PlyCount "30"]
[GameId "2160767905784400"]
[EventDate "2024.08.13"]
[EventType "swiss"]
[EventRounds "9"]
[EventCountry "CAN"]

1. d4 e6 2. e4 d5 3. exd5 exd5 4. Nf3 Bg4 5. Be2 Bd6 6. O-O Ne7 7. Re1 O-O 8. Nc3 c6 9. g3 Nd7 10. Qd3 h6 11. b3 Ng6 12. Nd2 Bxe2 13. Rxe2 Qf6 14. Bb2 Qg5 15. Rae1 Nf4 0-1

[Event "Francophonie-ch (RIDEF)"]
[Site "Quebec CAN"]
[Date "2024.08.14"]
[Round "2.16"]
[White "Kaufman, Raymond"]
[Black "St-Pierre, Steve"]
[Result "1/2-1/2"]
[WhiteElo "2140"]
[BlackElo "1816"]
[PlyCount "101"]
[GameId "2160767905784455"]
[EventDate "2024.08.13"]
[EventType "swiss"]
[EventRounds "9"]
[EventCountry "CAN"]

1. e4 b6 2. d4 Bb7 3. Nc3 e6 4. a3 d6 5. Nf3 Nf6 6. Bd3 Be7 7. O-O Nbd7 8. Bf4 Nh5 9. Be3 Nhf6 10. h3 h6 11. Qe2 c6 12. Rad1 Qc7 13. Bf4 g5 14. Bh2 g4 15. hxg4 Nxg4 16. Bg3 h5 17. d5 O-O-O 18. dxc6 Bxc6 19. Ba6+ Kb8 20. Nb5 Bxb5 21. Bxb5 e5 22. Nh4 Nc5 23. Nf5 h4 24. Bxh4 Bxh4 25. Qxg4 Be7 26. Ne3 Rh4 27. Qf5 Rdh8 28. g3 Rh1+ 29. Kg2 R1h2+ 30. Kf3 R2h5 31. Qg4 Rg5 32. Nd5 Qd8 33. Nb4 Qf8 34. Qf5 Rxf5+ 35. exf5 e4+ 36. Ke2 a5 37. Nc6+ Kc7 38. b4 Nb7 39. Rd4 d5 40. Rxd5 Nd6 41. c4 Nxb5 42. cxb5 axb4 43. axb4 Qa8 44. Nxe7 Qa2+ 45. Rd2 Qc4+ 46. Ke1 Qc1+ 47. Rd1 Qc3+ 48. Ke2 Qf3+ 49. Ke1 Qc3+ 50. Ke2 Qf3+ 51. Ke1 1/2-1/2

[Event "Francophonie-ch (RIDEF)"]
[Site "Quebec CAN"]
[Date "2024.08.14"]
[Round "3.15"]
[White "Lamontagne, Damien"]
[Black "Kaufman, Raymond"]
[Result "0-1"]
[WhiteElo "1759"]
[BlackElo "2140"]
[PlyCount "54"]
[GameId "2160767905850046"]
[EventDate "2024.08.13"]
[EventType "swiss"]
[EventRounds "9"]
[EventCountry "CAN"]

1. e4 c5 2. Nf3 e6 3. d4 cxd4 4. Nxd4 Nf6 5. Bd3 Nc6 6. Nxc6 dxc6 7. Nc3 e5 8. O-O Bc5 9. Bg5 h6 10. Bh4 g5 11. Bg3 Qe7 12. Qd2 Nh5 13. Kh1 Nf4 14. Bxf4 gxf4 15. Rad1 Be6 16. a3 O-O-O 17. b4 Bd4 18. Ne2 Qg5 19. Nxd4 Rxd4 20. c3 Rd7 21. f3 Bb3 22. b5 cxb5 23. Qb2 Bxd1 24. Rxd1 Rg8 25. Rd2 Qh4 26. h3 Qe1+ 27. Kh2 Rgd8 0-1

[Event "Francophonie-ch (RIDEF)"]
[Site "Quebec CAN"]
[Date "2024.08.15"]
[Round "4.9"]
[White "Kaufman, Raymond"]
[Black "Dupuis, Claude"]
[Result "1-0"]
[WhiteElo "2140"]
[BlackElo "1400"]
[PlyCount "47"]
[GameId "2160767905850097"]
[EventDate "2024.08.13"]
[EventType "swiss"]
[EventRounds "9"]
[EventCountry "CAN"]

1. e4 c5 2. Nf3 e6 3. d4 cxd4 4. Nxd4 a6 5. Bd3 Nc6 6. Nxc6 bxc6 7. O-O e5 8. Nd2 Nf6 9. Nc4 d6 10. a4 a5 11. Bd2 Be6 12. Qe1 Bxc4 13. Bxc4 Be7 14. Bc3 O-O 15. Rd1 Qb6 16. Kh1 Nd7 17. f4 Ra7 18. fxe5 dxe5 19. Qg3 Qc5 20. Bb3 g6 21. Bd2 Rb7 22. Bh6 Bf6 23. Bxf8 Kxf8 24. Qh3 1-0

[Event "Francophonie-ch (RIDEF)"]
[Site "Quebec CAN"]
[Date "2024.08.15"]
[Round "5.3"]
[White "Kaufman, Raymond"]
[Black "Ouellet, Maili-Jade"]
[Result "1-0"]
[WhiteElo "2140"]
[BlackElo "2318"]
[PlyCount "139"]
[GameId "2160767905850149"]
[EventDate "2024.08.13"]
[EventType "swiss"]
[EventRounds "9"]
[EventCountry "CAN"]

1. e4 c5 2. Nf3 Nc6 3. Bb5 e6 4. Bxc6 bxc6 5. d3 Qc7 6. e5 f6 7. Qe2 fxe5 8. Nxe5 Ne7 9. O-O d6 10. Nc4 Nf5 11. c3 Be7 12. Bg5 O-O 13. Bxe7 Nxe7 14. f4 Ng6 15. Qe3 Bd7 16. Nbd2 Rae8 17. Rae1 e5 18. fxe5 Rxf1+ 19. Rxf1 d5 20. Qxc5 dxc4 21. Nxc4 Be6 22. d4 Rf8 23. Rxf8+ Nxf8 24. Na5 Bd5 25. c4 Ne6 26. Qb4 Be4 27. Qd2 Qd8 28. Nb3 Qh4 29. Qf2 Qg4 30. h3 Qd1+ 31. Kh2 Qd3 32. Qe1 Qc2 33. Nd2 Nxd4 34. e6 Bxg2 35. Kxg2 Qg6+ 36. Qg3 Kf8 37. Qxg6 hxg6 38. Nf3 Nxe6 39. b4 g5 40. Ne5 Nd4 41. Kf2 Ke7 42. a4 Ke6 43. Nf3 Nc2 44. b5 cxb5 45. cxb5 Kd5 46. Nxg5 Nd4 47. Ke3 Nf5+ 48. Kd3 Ne7 49. Kc3 Kd6 50. Kc4 Nc8 51. a5 g6 52. Kd4 Kc7 53. Ke5 Kd7 54. Ne6 Ke7 55. Nd4 Kd7 56. Kd5 Nd6 57. b6 axb6 58. axb6 Nb7 59. Ne6 Kc8 60. Nc5 Nd8 61. Ne6 Nf7 62. Nc5 Nd8 63. Ke5 Nc6+ 64. Kf6 Nb4 65. Kxg6 Nd5 66. b7+ Kc7 67. h4 Ne7+ 68. Kf7 Nc6 69. h5 Kb6 70. h6 1-0

[Event "Francophonie-ch (RIDEF)"]
[Site "Quebec CAN"]
[Date "2024.08.16"]
[Round "6.1"]
[White "Flom, Gabriel"]
[Black "Kaufman, Raymond"]
[Result "1-0"]
[WhiteElo "2459"]
[BlackElo "2140"]
[PlyCount "59"]
[GameId "2160767905850203"]
[EventDate "2024.08.13"]
[EventType "swiss"]
[EventRounds "9"]
[EventCountry "CAN"]
[SourceTitle "The Week in Chess 1554"]
[Source "Mark Crowther"]
[SourceDate "2024.08.19"]
[SourceVersion "2"]
[SourceVersionDate "2024.08.19"]
[SourceQuality "2"]

1. d4 Nf6 2. c4 g6 3. Nc3 d5 4. cxd5 Nxd5 5. e4 Nxc3 6. bxc3 Bg7 7. Nf3 c5 8. Bb5+ Nc6 9. O-O O-O 10. Bxc6 bxc6 11. Qc2 cxd4 12. cxd4 Bg4 13. Ne5 Qxd4 14. Bb2 Qb6 15. Rab1 Bxe5 16. Bxe5 Qa5 17. Bc3 Qc5 18. Qb2 a5 19. Rbc1 Qb5 20. Qa3 c5 21. Ba1 Be6 22. f4 f6 23. f5 Bf7 24. e5 fxe5 25. Rxc5 Qb6 26. Kh1 Be6 27. Rxe5 Rac8 28. Qxe7 Bc4 29. Rc5 Bf7 30. Qe5 1-0

[Event "Francophonie-ch (RIDEF)"]
[Site "Quebec CAN"]
[Date "2024.08.17"]
[Round "7.5"]
[White "Kaufman, Raymond"]
[Black "Dombusch, Tatiana"]
[Result "1/2-1/2"]
[WhiteElo "2140"]
[BlackElo "2212"]
[PlyCount "24"]
[GameId "2160767905850262"]
[EventDate "2024.08.13"]
[EventType "swiss"]
[EventRounds "9"]
[EventCountry "CAN"]

1. e4 e5 2. Nf3 Nc6 3. Bb5 a6 4. Ba4 Bc5 5. c3 Nge7 6. O-O Ba7 7. d4 Ng6 8. Bg5 f6 9. Be3 O-O 10. Nbd2 d6 11. Re1 Kh8 12. h3 Bd7 1/2-1/2

[Event "Francophonie-ch (RIDEF)"]
[Site "Quebec CAN"]
[Date "2024.08.17"]
[Round "8.4"]
[White "Benitah, Yohan"]
[Black "Kaufman, Raymond"]
[Result "1/2-1/2"]
[WhiteElo "2332"]
[BlackElo "2140"]
[PlyCount "43"]
[GameId "2160767905858507"]
[EventDate "2024.08.13"]
[EventType "swiss"]
[EventRounds "9"]
[EventCountry "CAN"]

1. d4 d5 2. c4 e6 3. Nc3 a6 4. g3 dxc4 5. Bg2 c5 6. d5 Nf6 7. dxe6 Qxd1+ 8. Nxd1 Bxe6 9. Bxb7 Ra7 10. Bg2 Be7 11. Ne3 O-O 12. Nh3 Nbd7 13. Nf4 Nb6 14. Nxe6 fxe6 15. Bh3 Kf7 16. O-O Rd8 17. Ng2 Ne4 18. Be3 Nd5 19. Rac1 Bf6 20. Nf4 Nxf4 21. Bxf4 Nd2 22. Bxd2 1/2-1/2

[Event "Francophonie-ch (RIDEF)"]
[Site "Quebec CAN"]
[Date "2024.08.20"]
[Round "9.9"]
[White "Kaufman, Raymond"]
[Black "Russell, Wesley"]
[Result "1/2-1/2"]
[WhiteElo "2140"]
[BlackElo "1784"]
[PlyCount "112"]
[GameId "2160767905858562"]
[EventDate "2024.08.13"]
[EventType "swiss"]
[EventRounds "9"]
[EventCountry "CAN"]

1. d4 Nf6 2. c4 e6 3. Nf3 d5 4. cxd5 exd5 5. Nc3 Be7 6. Bf4 c6 7. Qc2 O-O 8. e3 Bd6 9. Bg3 Re8 10. Bd3 Bg4 11. Ne5 Bh5 12. O-O Bg6 13. f4 Bxd3 14. Qxd3 Bb4 15. Bh4 Qd6 16. f5 Bxc3 17. bxc3 Nbd7 18. Nxd7 Nxd7 19. Rf3 Re4 20. Rh3 f6 21. c4 Qe7 22. cxd5 cxd5 23. Qb5 Nb6 24. Bf2 Qd7 25. Qxd7 Nxd7 26. Rb1 Nb6 27. Kf1 Rae8 28. a4 R8e7 29. Rb5 Rd7 30. Rc5 h6 31. a5 Nc4 32. Ke2 b6 33. axb6 axb6 34. Rb5 Re8 35. Rh4 Ra8 36. Rf4 Ra5 37. Rb3 Re7 38. Kd3 b5 39. g4 Nd6 40. Be1 Ra6 41. Bb4 Rb7 42. Bxd6 Rxd6 43. Rb4 Ra6 44. e4 Ra3+ 45. Kc2 dxe4 46. Rxe4 Ra2+ 47. Rb2 Rc7+ 48. Kb3 Rxb2+ 49. Kxb2 Rc4 50. Kb3 Kf7 51. h3 Kf8 52. h4 Kf7 53. h5 Kf8 54. Kb2 Kf7 55. Kb3 Kf8 56. Kb2 Kf7 1/2-1/2

[Event "BC Day op"]
[Site "New Westminster CAN"]
[Date "2024.08.01"]
[Round "1.5"]
[White "Yin, Aiden"]
[Black "Kaufman, Raymond"]
[Result "0-1"]
[WhiteElo "1732"]
[BlackElo "2140"]
[PlyCount "56"]
[GameId "2160767905858678"]
[EventDate "2024.08.01"]
[EventType "swiss"]
[EventRounds "9"]
[EventCountry "CAN"]
[SourceTitle "10 Days #767"]
[Source "ChessMix"]
[SourceDate "2024.08.10"]
[SourceVersion "1"]
[SourceVersionDate "2024.08.10"]
[SourceQuality "1"]

1. e4 c5 2. Nf3 Nc6 3. d4 cxd4 4. Nxd4 Nf6 5. Nc3 d6 6. Be3 Ng4 7. Bg5 Qb6 8. Bb5 Bd7 9. Bxc6 bxc6 10. h3 e5 11. hxg4 exd4 12. Ne2 Qxb2 13. Nxd4 Qc3+ 14. Kf1 Bxg4 15. f3 Bd7 16. Rb1 f6 17. Bf4 Qc4+ 18. Ne2 Rd8 19. Rb2 Be7 20. Kf2 O-O 21. Rh2 f5 22. Qh1 h6 23. e5 dxe5 24. Bxe5 Bc5+ 25. Ke1 Qd5 26. f4 Bc8 27. Nc3 Qd2+ 28. Kf1 Qf2# 0-1

[Event "BC Day op"]
[Site "New Westminster CAN"]
[Date "2024.08.01"]
[Round "2.4"]
[White "Kaufman, Raymond"]
[Black "Musakhanyan, Viktor"]
[Result "1-0"]
[WhiteElo "2140"]
[BlackElo "1654"]
[PlyCount "155"]
[GameId "2160767905858687"]
[EventDate "2024.08.01"]
[EventType "swiss"]
[EventRounds "9"]
[EventCountry "CAN"]
[SourceTitle "10 Days #767"]
[Source "ChessMix"]
[SourceDate "2024.08.10"]
[SourceVersion "1"]
[SourceVersionDate "2024.08.10"]
[SourceQuality "1"]

1. Nf3 Nf6 2. c4 e6 3. g3 b6 4. Bg2 Bb7 5. O-O Be7 6. d4 O-O 7. Re1 d5 8. Ne5 Nbd7 9. Nc3 h6 10. Qa4 Nxe5 11. dxe5 Ne4 12. Nxe4 dxe4 13. Rd1 Qe8 14. Qc2 Qc6 15. Rd4 Qc5 16. Rd7 Rad8 17. Be3 Rxd7 18. Bxc5 Bxc5 19. Bxe4 Bxe4 20. Qxe4 Rd4 21. Qb7 Rxc4 22. e3 Rd8 23. Qxc7 Rd2 24. Qc8+ Kh7 25. Qe8 Kg6 26. Qc6 Rxf2 27. b3 Rcc2 28. Qe4+ f5 29. exf6+ Kxf6 30. Rf1 Rxf1+ 31. Kxf1 Rxa2 32. Qf4+ Ke7 33. b4 Bd6 34. Qd4 e5 35. Qh4+ Ke8 36. Qh5+ Kf8 37. Qf5+ Ke7 38. h4 a5 39. bxa5 bxa5 40. Qg6 Ra1+ 41. Kg2 a4 42. Qxg7+ Ke6 43. Qxh6+ Kd5 44. e4+ Kc6 45. Qe6 a3 46. Qb3 Bc5 47. Qd5+ Kb5 48. Qxe5 Ra2+ 49. Kh3 Rc2 50. h5 a2 51. h6 Kc4 52. h7 Bd4 53. Qd5+ Kd3 54. h8=Q a1=Q 55. Qb5+ Rc4 56. Qb3+ Rc3 57. Qb5+ Rc4 58. Qhe8 Qf1+ 59. Kg4 Qe2+ 60. Kf5 Qf3+ 61. Kg6 Qxg3+ 62. Qg5 Qd6+ 63. Kh7 Qh2+ 64. Qgh5 Rc7+ 65. Kh6 Be3+ 66. Kg6 Qd6+ 67. Kf5 Rc5+ 68. e5 Qd4 69. Qd1+ Kc3 70. Qa1+ Kd2 71. Qa2+ Kd3 72. Qb1+ Kd2 73. Qe4 Qd6 74. Qf7 Qa6 75. Qd7+ Ke2 76. Qg2+ Ke1 77. Qf3 Qf1 78. Qdd1# 1-0

[Event "BC Day op"]
[Site "New Westminster CAN"]
[Date "2024.08.02"]
[Round "3.4"]
[White "Darvekar, Yash"]
[Black "Kaufman, Raymond"]
[Result "0-1"]
[WhiteElo "1892"]
[BlackElo "2140"]
[PlyCount "62"]
[GameId "2160767905858697"]
[EventDate "2024.08.01"]
[EventType "swiss"]
[EventRounds "9"]
[EventCountry "CAN"]
[SourceTitle "10 Days #767"]
[Source "ChessMix"]
[SourceDate "2024.08.10"]
[SourceVersion "1"]
[SourceVersionDate "2024.08.10"]
[SourceQuality "1"]

1. e4 c5 2. Nf3 d6 3. d4 cxd4 4. Nxd4 Nf6 5. Nc3 Nc6 6. Bg5 e6 7. Qd2 a6 8. O-O-O Be7 9. f4 Bd7 10. Kb1 h6 11. Bh4 b5 12. a3 Rb8 13. Bxf6 Bxf6 14. Nxc6 Bxc6 15. Qxd6 Qxd6 16. Rxd6 Rc8 17. e5 Be7 18. Rd3 g5 19. fxg5 hxg5 20. h3 Rh4 21. g3 Bxh1 22. gxh4 gxh4 23. Re3 Bg5 24. Re2 Bf4 25. Ne4 Rd8 26. Nc3 Ke7 27. b4 Rg8 28. Rf2 Be3 29. Re2 Bd4 30. Na2 Rg1 31. Re1 Bg2 0-1

[Event "BC Day op"]
[Site "New Westminster CAN"]
[Date "2024.08.02"]
[Round "4.2"]
[White "Kaufman, Raymond"]
[Black "Doknjas, Neil"]
[Result "1/2-1/2"]
[WhiteElo "2140"]
[BlackElo "2261"]
[PlyCount "87"]
[GameId "2160767905866897"]
[EventDate "2024.08.01"]
[EventType "swiss"]
[EventRounds "9"]
[EventCountry "CAN"]
[SourceTitle "10 Days #767"]
[Source "ChessMix"]
[SourceDate "2024.08.10"]
[SourceVersion "1"]
[SourceVersionDate "2024.08.10"]
[SourceQuality "1"]

1. e4 c6 2. d4 d5 3. e5 Bf5 4. Nd2 e6 5. Nb3 Nd7 6. Nf3 Ne7 7. Be2 h6 8. O-O g5 9. Ne1 Qc7 10. Bd2 c5 11. c4 dxc4 12. Bxc4 cxd4 13. Rc1 Nc6 14. Bb5 Qxe5 15. Bxc6 bxc6 16. Nf3 Qd5 17. Nfxd4 Bd6 18. Bc3 O-O 19. Nxf5 exf5 20. Qh5 Qe6 21. Rfe1 Ne5 22. Bxe5 Bxe5 23. Nc5 Qd6 24. Red1 Qg6 25. Qxg6+ fxg6 26. Nd7 Rfe8 27. Nxe5 Rxe5 28. Rxc6 Rae8 29. f4 Re1+ 30. Rxe1 Rxe1+ 31. Kf2 Rb1 32. fxg5 Rxb2+ 33. Kf3 hxg5 34. Rxg6+ Kf7 35. Ra6 g4+ 36. Kg3 f4+ 37. Kxg4 Rxg2+ 38. Kh3 f3 39. Rxa7+ Kg8 40. Ra4 Rg1 41. Rf4 Ra1 42. Rg4+ Kh7 43. Rf4 Rxa2 44. Rxf3 1/2-1/2

[Event "BC Day op"]
[Site "New Westminster CAN"]
[Date "2024.08.03"]
[Round "6.2"]
[White "Kaufman, Raymond"]
[Black "Xu, Justin"]
[Result "1-0"]
[WhiteElo "2140"]
[BlackElo "1807"]
[PlyCount "81"]
[GameId "2160767905866917"]
[EventDate "2024.08.01"]
[EventType "swiss"]
[EventRounds "9"]
[EventCountry "CAN"]
[SourceTitle "10 Days #767"]
[Source "ChessMix"]
[SourceDate "2024.08.10"]
[SourceVersion "1"]
[SourceVersionDate "2024.08.10"]
[SourceQuality "1"]

1. c4 Nf6 2. Nc3 e5 3. g3 c6 4. d4 exd4 5. Qxd4 d5 6. Bg2 Be6 7. cxd5 cxd5 8. Nf3 Nc6 9. Qa4 Be7 10. O-O O-O 11. Rd1 Qb6 12. Qb3 Rfd8 13. Be3 Qxb3 14. axb3 Rac8 15. Nd4 Nxd4 16. Bxd4 a6 17. Bxf6 Bxf6 18. Nxd5 Bxd5 19. Bxd5 Bxb2 20. Rab1 Bf6 21. Bxb7 Rxd1+ 22. Rxd1 Rc3 23. Rd7 Rxb3 24. Bd5 Rb1+ 25. Kg2 Kf8 26. Rxf7+ Ke8 27. Ra7 Ra1 28. e4 Bd4 29. Bc6+ Kf8 30. Rd7 Bc5 31. Bd5 Bd4 32. f4 a5 33. e5 a4 34. e6 Bf6 35. Rf7+ Ke8 36. Bc6+ Kd8 37. Rd7+ Kc8 38. Kf2 Ra2+ 39. Kf3 Ra1 40. Bb7+ Kb8 41. e7 1-0

[Event "BC Day op"]
[Site "New Westminster CAN"]
[Date "2024.08.04"]
[Round "7.1"]
[White "Rodrigue-Lemieux, Shawn"]
[Black "Kaufman, Raymond"]
[Result "1/2-1/2"]
[WhiteElo "2506"]
[BlackElo "2140"]
[PlyCount "64"]
[GameId "2160767905866926"]
[EventDate "2024.08.01"]
[EventType "swiss"]
[EventRounds "9"]
[EventCountry "CAN"]
[SourceTitle "10 Days #767"]
[Source "ChessMix"]
[SourceDate "2024.08.10"]
[SourceVersion "1"]
[SourceVersionDate "2024.08.10"]
[SourceQuality "1"]

1. e4 c5 2. Nf3 e6 3. d4 cxd4 4. Nxd4 Nf6 5. Nc3 Nc6 6. Nxc6 bxc6 7. e5 Nd5 8. Ne4 Qc7 9. f4 Qb6 10. c4 Bb4+ 11. Ke2 f5 12. exf6 Nxf6 13. Nd6+ Bxd6 14. Qxd6 c5 15. Qxb6 axb6 16. b3 Bb7 17. Rg1 Ke7 18. Kd2 Be4 19. Kc3 h5 20. Kb2 d5 21. Bd2 Rhd8 22. Rd1 Ng4 23. Be1 Rd6 24. Be2 Ne3 25. Bh4+ Kd7 26. Rd2 dxc4 27. Rxd6+ Kxd6 28. bxc4 Ra4 29. Kb3 Rb4+ 30. Kc3 Ra4 31. Kb3 Rb4+ 32. Kc3 Ra4 1/2-1/2

[Event "BC Day op"]
[Site "New Westminster CAN"]
[Date "2024.08.04"]
[Round "8.3"]
[White "Yang, Jingyun (Ryan)"]
[Black "Kaufman, Raymond"]
[Result "1/2-1/2"]
[WhiteElo "2179"]
[BlackElo "2140"]
[PlyCount "88"]
[GameId "2160767905866938"]
[EventDate "2024.08.01"]
[EventType "swiss"]
[EventRounds "9"]
[EventCountry "CAN"]
[SourceTitle "10 Days #767"]
[Source "ChessMix"]
[SourceDate "2024.08.10"]
[SourceVersion "1"]
[SourceVersionDate "2024.08.10"]
[SourceQuality "1"]

1. d4 Nf6 2. Nf3 g6 3. Bg5 Bg7 4. Nbd2 h6 5. Bxf6 Bxf6 6. e4 d6 7. c3 O-O 8. Qc2 c5 9. dxc5 dxc5 10. Bc4 Nc6 11. h3 Qc7 12. O-O b6 13. Rfe1 e6 14. Nf1 Bb7 15. Qc1 Bg7 16. Qe3 Rad8 17. Rad1 h5 18. Qe2 Ne5 19. Nxe5 Qxe5 20. Bd3 Rd7 21. Bc2 Rfd8 22. Rxd7 Rxd7 23. Nd2 Bh6 24. Nf3 Qc7 25. Rd1 Qd8 26. Rxd7 Qxd7 27. Qd3 Qxd3 28. Bxd3 Bc1 29. b3 Kg7 30. Kf1 Bb2 31. c4 f5 32. exf5 exf5 33. Ke2 Kf6 34. h4 Bc1 35. g3 Bxf3+ 36. Kxf3 Ke5 37. Bf1 Kd4 38. Ke2 f4 39. Bg2 fxg3 40. fxg3 g5 41. hxg5 Bxg5 42. Bf3 h4 43. gxh4 Bxh4 44. Kd2 Bg5+ 1/2-1/2

[Event "BC Day op"]
[Site "New Westminster CAN"]
[Date "2024.08.05"]
[Round "9.3"]
[White "Kaufman, Raymond"]
[Black "Chen, Yidong"]
[Result "1/2-1/2"]
[WhiteElo "2140"]
[BlackElo "2000"]
[PlyCount "128"]
[GameId "2160767905866948"]
[EventDate "2024.08.01"]
[EventType "swiss"]
[EventRounds "9"]
[EventCountry "CAN"]
[SourceTitle "10 Days #767"]
[Source "ChessMix"]
[SourceDate "2024.08.10"]
[SourceVersion "1"]
[SourceVersionDate "2024.08.10"]
[SourceQuality "1"]

1. d4 Nf6 2. c4 g6 3. Nc3 d5 4. Qb3 dxc4 5. Qxc4 Be6 6. Qa4+ Bd7 7. Qc2 c5 8. d5 Bg7 9. e4 e6 10. Bg5 Qa5 11. dxe6 Bxe6 12. Bb5+ Nbd7 13. Nf3 O-O 14. O-O h6 15. Bh4 a6 16. Be2 Nh5 17. Rfd1 Nf4 18. Bf1 Nf6 19. e5 N6d5 20. Ne4 Bg4 21. Bc4 Nb6 22. Nf6+ Bxf6 23. Bxf6 Nxc4 24. Qxc4 Qb4 25. Qxb4 cxb4 26. Rd6 Rfe8 27. Re1 Bxf3 28. gxf3 a5 29. Re4 Nh5 30. Bh4 Rac8 31. Rd5 g5 32. Bg3 Rc2 33. Rxa5 Rxb2 34. f4 Nxf4 35. Bxf4 gxf4 36. Rxf4 b3 37. axb3 Rxb3 38. Rd5 Rb1+ 39. Kg2 Re1 40. Rf5 Re7 41. Rh5 Kg7 42. f4 Re3 43. Kf2 Rc3 44. f5 Rec7 45. Rd6 Rc2+ 46. Ke3 R2c3+ 47. Ke4 R3c4+ 48. Rd4 b5 49. Rh3 b4 50. f6+ Kg8 51. Rxc4 Rxc4+ 52. Kd5 Rc3 53. Rh4 Rd3+ 54. Kc4 Re3 55. Kxb4 Rxe5 56. Rxh6 Rg5 57. Kc4 Rf5 58. Kd4 Rf1 59. Ke5 Re1+ 60. Kf4 Rf1+ 61. Kg3 Rf5 62. h4 Rf1 63. Kg2 Rf5 64. Kh3 Rf4 1/2-1/2

[Event "Paul Keres mem (48th)"]
[Site "Surrey CAN"]
[Date "2024.05.18"]
[Round "1.6"]
[White "Mueller, Maximilian"]
[Black "Kaufman, Raymond"]
[Result "1/2-1/2"]
[WhiteElo "1976"]
[BlackElo "2283"]
[PlyCount "41"]
[GameId "2160767905931410"]
[EventDate "2024.05.18"]
[EventType "swiss"]
[EventRounds "6"]
[EventCountry "CAN"]

1. e4 c5 2. Nf3 d6 3. Bb5+ Nd7 4. O-O a6 5. Bxd7+ Bxd7 6. d4 cxd4 7. Qxd4 e5 8. Qd3 h6 9. c4 Nf6 10. Nc3 Be7 11. b3 O-O 12. Rd1 Bg4 13. a4 Qc8 14. Ba3 Qe6 15. Ne2 Rfd8 16. Ng3 Nh5 17. Nxh5 Bxh5 18. Qd5 Bg4 19. h3 Qxd5 20. cxd5 Bxf3 21. gxf3 1/2-1/2

[Event "Paul Keres mem (48th)"]
[Site "Surrey CAN"]
[Date "2024.05.18"]
[Round "2.8"]
[White "Kaufman, Raymond"]
[Black "Willy, Stephen"]
[Result "1-0"]
[WhiteElo "2283"]
[BlackElo "1903"]
[PlyCount "83"]
[GameId "2160767905931420"]
[EventDate "2024.05.18"]
[EventType "swiss"]
[EventRounds "6"]
[EventCountry "CAN"]

1. Nf3 d5 2. g3 Nf6 3. Bg2 c5 4. O-O Qc7 5. c4 dxc4 6. Na3 a6 7. d3 Nc6 8. Nxc4 e5 9. Qb3 Nd7 10. e3 Be7 11. a4 Rb8 12. a5 b5 13. axb6 Nxb6 14. Nfd2 O-O 15. Qc3 Nxc4 16. Nxc4 Bf6 17. Nd2 Nb4 18. Ne4 Be7 19. d4 Nd5 20. Qa5 exd4 21. exd4 Rb4 22. Nxc5 Rd8 23. Re1 Kf8 24. Nxa6 Qxa5 25. Rxa5 Rxd4 26. h4 Nb4 27. Nc7 Rd1 28. Rf1 Rxf1+ 29. Bxf1 Bb7 30. Bg5 Bxg5 31. hxg5 Nc6 32. Rb5 Bc8 33. Bg2 Nd4 34. Rb8 Ke7 35. Nd5+ Kd6 36. Rb6+ Kc5 37. b4+ Kc4 38. Rb8 Re8 39. Nb6+ Kxb4 40. Rxc8 Rxc8 41. Nxc8 Kc5 42. f4 1-0

[Event "Paul Keres mem (48th)"]
[Site "Surrey CAN"]
[Date "2024.05.19"]
[Round "3.4"]
[White "Mok, Gillian Xi-Lin"]
[Black "Kaufman, Raymond"]
[Result "0-1"]
[WhiteElo "1856"]
[BlackElo "2283"]
[PlyCount "98"]
[GameId "2160767905931426"]
[EventDate "2024.05.18"]
[EventType "swiss"]
[EventRounds "6"]
[EventCountry "CAN"]

1. e4 c5 2. Nf3 Nc6 3. d4 cxd4 4. Nxd4 Nf6 5. Nc3 d6 6. Be2 e5 7. Nb3 Be7 8. O-O O-O 9. f4 a5 10. a4 Nb4 11. Kh1 b6 12. Nd5 Nfxd5 13. exd5 Bf5 14. c3 Bc2 15. Qd2 Bxb3 16. cxb4 Rc8 17. Ra3 Bc4 18. bxa5 bxa5 19. Rh3 h6 20. Rc3 Bxe2 21. Qxe2 Rxc3 22. bxc3 Bf6 23. Qf3 Qd7 24. Ba3 exf4 25. c4 Be5 26. c5 dxc5 27. Bxc5 Rc8 28. Qe4 Rxc5 29. Qxe5 Rxd5 30. Qxf4 Rd1 31. h3 Rxf1+ 32. Qxf1 Qxa4 33. Qf5 Qa1+ 34. Kh2 g6 35. Qf4 Kg7 36. h4 a4 37. h5 g5 38. Qg3 a3 39. Qf2 Qb2 40. Qf1 a2 41. Kh3 a1=Q 42. Qxa1 Qxa1 43. g3 Qd1 44. Kg2 g4 45. Kf2 Qd2+ 46. Kg1 f5 47. Kh1 f4 48. Kg1 fxg3 49. Kf1 Qf2# 0-1

[Event "Paul Keres mem (48th)"]
[Site "Surrey CAN"]
[Date "2024.05.19"]
[Round "4.2"]
[White "Kaufman, Raymond"]
[Black "Szabo, Gergely-Andras-Gyul"]
[Result "0-1"]
[WhiteElo "2283"]
[BlackElo "2559"]
[PlyCount "60"]
[GameId "2160767905931433"]
[EventDate "2024.05.18"]
[EventType "swiss"]
[EventRounds "6"]
[EventCountry "CAN"]

1. e4 c5 2. Nf3 d6 3. Bb5+ Nd7 4. c4 Ngf6 5. Nc3 g6 6. d4 cxd4 7. Nxd4 Bg7 8. O-O O-O 9. Ba4 Nb6 10. Bb3 Bd7 11. h3 Rc8 12. Qe2 a6 13. Be3 Qc7 14. Rac1 e6 15. Nf3 Nxc4 16. Bf4 Nh5 17. Bh2 Bh6 18. Rcd1 Ne5 19. Nxe5 dxe5 20. Bxe5 Qxe5 21. Rxd7 b5 22. Rfd1 Rc5 23. Qf3 Bg7 24. Rd8 Qc7 25. Rxf8+ Bxf8 26. Ne2 Qe5 27. Nd4 Rc7 28. g3 Bc5 29. Ne2 Nf6 30. Bc2 Bxf2+ 0-1

[Event "Paul Keres mem (48th)"]
[Site "Surrey CAN"]
[Date "2024.05.20"]
[Round "5.5"]
[White "Salcedo, Daniel"]
[Black "Kaufman, Raymond"]
[Result "0-1"]
[WhiteElo "1875"]
[BlackElo "2283"]
[PlyCount "50"]
[GameId "2160767739911676"]
[EventDate "2024.05.18"]
[EventType "swiss"]
[EventRounds "6"]
[EventCountry "CAN"]

1. d4 Nf6 2. c4 e6 3. Nc3 Bb4 4. e3 O-O 5. Bd3 Re8 6. Nf3 d6 7. O-O Bxc3 8. bxc3 c5 9. e4 e5 10. d5 Nbd7 11. h3 Nf8 12. Kh2 h6 13. g3 Qd7 14. Ng1 g5 15. Qf3 Qe7 16. Qg2 Ng6 17. f3 Kg7 18. Re1 Rg8 19. Be3 Kh8 20. Qd2 Nh5 21. Rab1 Ng7 22. Rb2 f5 23. exf5 Bxf5 24. Bxf5 Nxf5 25. Qd3 Qf7 {Black won.} 0-1

[Event "Paul Keres mem (48th)"]
[Site "Surrey CAN"]
[Date "2024.05.20"]
[Round "6.4"]
[White "Kaufman, Raymond"]
[Black "MacKinnon, Keith"]
[Result "1-0"]
[WhiteElo "2283"]
[BlackElo "2319"]
[PlyCount "71"]
[GameId "2160767905931452"]
[EventDate "2024.05.18"]
[EventType "swiss"]
[EventRounds "6"]
[EventCountry "CAN"]

1. e4 c5 2. Nf3 e6 3. d3 Nc6 4. Nbd2 d6 5. g3 g5 6. h3 Bg7 7. c3 h6 8. Qe2 Rb8 9. a4 a6 10. Nc4 b5 11. axb5 axb5 12. Ne3 b4 13. Qc2 bxc3 14. bxc3 Qf6 15. e5 Nxe5 16. Nxe5 Qxe5 17. Bd2 Bb7 18. Qa4+ Kf8 19. Qa7 Ra8 20. Qxa8+ Bxa8 21. Rxa8+ Ke7 22. Ra7+ Kf6 23. f4 gxf4 24. gxf4 Qh5 25. Rg1 Qh4+ 26. Kd1 h5 27. c4 Rh7 28. Bc3+ e5 29. fxe5+ Ke6 30. Bg2 Bxe5 31. Bd5+ Kf6 32. Rf1+ Kg5 33. Bxe5 dxe5 34. Rg1+ Kf6 35. Ra6+ Ke7 36. Nf5+ 1-0